[Event "Rio de Janeiro CXG 1st"]
[Site "Rio de Janeiro"]
[Date "2016.03.12"]
[Round "5.7"]
[White "Carvalho Beserra, Juan Pablo"]
[Black "Pinto Neto, Antonio de Padua"]
[Result "1-0"]
[WhiteElo "1915"]
[BlackElo "1925"]
[PlyCount "75"]
[EventDate "2016.02.27"]
[EventType "swiss"]
[EventRounds "6"]
[EventCountry "BRA"]
[SourceTitle "EXT 2022"]
[Source "ChessBase"]
[SourceDate "2021.10.06"]
[SourceVersion "1"]
[SourceVersionDate "2021.10.06"]
[SourceQuality "1"]

1. e4 c5 2. c3 Nf6 3. e5 Nd5 4. d4 e6 5. Nf3 Be7 6. Bd3 0-0 7. Qc2 h6 8. dxc5 Bxc5 9. 0-0 Nc6 10. b4 Bb6 11. Nbd2 d6 12. exd6 Qxd6 13. Ne4 Qe7 14. b5 Nb8 15. a4 Rd8 16. Ba3 Qc7 17. Rfd1 f5 18. Nd6 Rxd6 19. Bxd6 Qxd6 20. Bxf5 exf5 21. a5 Bxa5 22. Rxa5 Qc7 23. Qa2 Be6 24. Rxd5 Bxd5 25. Qxd5+ Kh8 26. b6 Qxc3 27. h3 Nc6 28. Rc5 Qf6 29. bxa7 Qa1+ 30. Kh2 Qxa7 31. Qxf5 Qb8+ 32. g3 Qe8 33. Nh4 Ne7 34. Qe6 Qf8 35. Qxe7 Qxf2+ 36. Ng2 Rf8 37. Rc7 Qd4 38. Qxf8+ 1-0

[Event "Rio de Janeiro CXG op 5th"]
[Site "Rio de Janeiro"]
[Date "2015.12.05"]
[Round "1.5"]
[White "Maia, Marco Aurelio Ferre"]
[Black "Carvalho Beserra, Juan Pablo"]
[Result "1-0"]
[WhiteElo "2090"]
[BlackElo "1921"]
[PlyCount "169"]
[EventDate "2015.12.05"]
[EventType "swiss"]
[EventRounds "6"]
[EventCountry "BRA"]
[SourceTitle "EXT 2022"]
[Source "ChessBase"]
[SourceDate "2021.10.06"]
[SourceVersion "1"]
[SourceVersionDate "2021.10.06"]
[SourceQuality "1"]

1. d4 d5 2. c4 c6 3. Nf3 Nf6 4. e3 e6 5. Qc2 Nbd7 6. Bd3 Bd6 7. 0-0 0-0 8. b3 b6 9. Bb2 Bb7 10. Nbd2 Rc8 11. Rac1 c5 12. Qb1 h6 13. Rfd1 cxd4 14. exd4 Qe7 15. Re1 Bf4 16. g3 Bd6 17. Ne5 Rfd8 18. Ndf3 Ne4 19. Nxd7 Qxd7 20. cxd5 Rxc1 21. Rxc1 exd5 22. Bf1 Qf5 23. Qd3 g5 24. Rc2 Re8 25. Bc1 Re6 26. Qd1 Rf6 27. Bg2 Ba6 28. Be3 Bb4 29. Ne5 Nc3 30. Rxc3 Bxc3 31. Bxd5 Qh3 32. Bg2 Qe6 33. Qc2 Ba5 34. h3 Qd6 35. Qe4 Kg7 36. h4 Qb4 37. hxg5 Qe1+ 38. Kh2 hxg5 39. Ng4 Re6 40. Qf5 Rg6 41. Qe5+ Kf8 42. Qb8+ Kg7 43. Qe5+ Kf8 44. Qh8+ Ke7 45. Bxg5+ Rxg5 46. Qf6+ Kf8 47. Qxg5 Qe6 48. d5 Qd6 49. Qh6+ Ke7 50. Qg5+ Kf8 51. Nf6 Bd3 52. Ne4 Qg6 53. Qxg6 fxg6 54. Ng5 Kg7 55. Be4 Bd2 56. f4 Bxe4 57. Nxe4 Bb4 58. Kg2 b5 59. Kf3 a6 60. Kg4 Kf7 61. f5 gxf5+ 62. Kxf5 Ba3 63. g4 Bb2 64. g5 Bg7 65. g6+ Ke7 66. Nc5 Kd6 67. Nxa6 Kxd5 68. Nc7+ Kc6 69. Nxb5 Kxb5 70. Ke6 Kb4 71. Kf7 Bh8 72. g7 Bxg7 73. Kxg7 Kc5 74. Kf6 Kb6 75. Ke6 Ka5 76. Kd5 Kb4 77. Kc6 Ka5 78. Kc5 Ka6 79. b4 Kb7 80. a4 Kc7 81. b5 Kb7 82. a5 Ka7 83. Kc6 Kb8 84. Kb6 Ka8 85. Kc7 1-0

[Event "Rio de Janeiro Guanabara op 3rd"]
[Site "Rio de Janeiro"]
[Date "2015.07.11"]
[Round "1"]
[White "Carvalho Beserra, Juan Pablo"]
[Black "Baeta, Marcio Netto"]
[Result "1/2-1/2"]
[WhiteElo "1937"]
[BlackElo "2089"]
[PlyCount "98"]
[EventDate "2015.07.11"]
[EventType "swiss"]
[EventRounds "6"]
[EventCountry "BRA"]
[SourceTitle "EXT 2016"]
[Source "ChessBase"]
[SourceDate "2015.10.08"]
[SourceVersion "1"]
[SourceVersionDate "2015.10.08"]
[SourceQuality "1"]

1. b3 g6 2. Bb2 Nf6 3. e3 Bg7 4. Nf3 c5 5. d3 0-0 6. Be2 b6 7. 0-0 Bb7 8. c4 d5 9. Nbd2 Nbd7 10. Qc2 Qc7 11. Rac1 dxc4 12. Nxc4 Ng4 13. e4 f5 14. Bxg7 fxe4 15. dxe4 Rxf3 16. g3 Rxf2 17. Rxf2 Nxf2 18. Kxf2 Kxg7 19. Qc3+ e5 20. Rd1 Re8 21. Bg4 Nf6 22. Bf3 Nxe4+ 23. Bxe4 Bxe4 24. Nd6 Rf8+ 25. Kg1 Ba8 26. Qxe5+ Kg8 27. Qe6+ Kh8 28. Ne8 Qb7 29. Qe5+ Kg8 30. Qe6+ Qf7 31. Nf6+ Kh8 32. Qxf7 Rxf7 33. Rd8+ Kg7 34. Ne8+ Kh6 35. Rxa8 Rd7 36. a4 g5 37. Nf6 Rd3 38. Rxa7 Rxb3 39. Nd5 b5 40. axb5 Rxb5 41. Rc7 Kg6 42. g4 Rb1+ 43. Kg2 Rb2+ 44. Kf3 Rxh2 45. Rxc5 h5 46. Rc6+ Kf7 47. gxh5 Rxh5 48. Kg4 Rh1 49. Kxg5 Rg1+ 1/2-1/2

[Event "Sao Paulo LXSBC 1st Etapa"]
[Site "Sao Paulo"]
[Date "2014.06.25"]
[Round "1.6"]
[White "Ferreira de Souza, Ricardo"]
[Black "Carvalho Beserra, Juan Pablo"]
[Result "0-1"]
[WhiteElo "1389"]
[BlackElo "1996"]
[PlyCount "82"]
[EventDate "2014.06.07"]
[EventType "swiss"]
[EventRounds "6"]
[EventCountry "BRA"]
[SourceTitle "EXT 2022"]
[Source "ChessBase"]
[SourceDate "2021.10.06"]
[SourceVersion "1"]
[SourceVersionDate "2021.10.06"]
[SourceQuality "1"]

1. d4 d5 2. c4 c6 3. Nc3 Nf6 4. Nf3 e6 5. Bg5 Be7 6. e3 Nbd7 7. c5 b6 8. b4 0-0 9. Bd3 h6 10. Bh4 Re8 11. Bc2 a5 12. a3 Ba6 13. h3 Ra7 14. Ba4 Qa8 15. b5 cxb5 16. Nxb5 Rb7 17. c6 Bxb5 18. Bxb5 Ra7 19. cxd7 Nxd7 20. Bxe7 Rxe7 21. 0-0 Nf6 22. Ne5 Rac7 23. Rc1 Ne4 24. Nc6 Nd6 25. Nxe7+ Rxe7 26. Rc6 Nxb5 27. Qc1 Qb7 28. Rc8+ Kh7 29. Qc6 Nxa3 30. Rc1 Nc4 31. Qxb7 Rxb7 32. h4 b5 33. Rc5 b4 34. e4 b3 35. exd5 exd5 36. Rxd5 b2 37. Rb1 a4 38. Rc5 a3 39. Rxc4 a2 40. Rbc1 bxc1Q+ 41. Rxc1 Rb1 0-1

[Event "Reykjavik op"]
[Site "Reykjavik"]
[Date "2014.03.12"]
[Round "10"]
[White "Altman, Joshua"]
[Black "Carvalho Beserra, Juan Pablo"]
[Result "1/2-1/2"]
[WhiteElo "1650"]
[BlackElo "2005"]
[PlyCount "63"]
[EventDate "2014.03.04"]
[EventType "swiss"]
[EventRounds "10"]
[EventCountry "ISL"]
[SourceTitle "CBM 159 Extra"]
[Source "ChessBase"]
[SourceDate "2014.04.24"]
[SourceVersion "1"]
[SourceVersionDate "2014.04.24"]
[SourceQuality "1"]

1. e4 e5 2. Nf3 Nc6 3. Bb5 a6 4. Ba4 Nf6 5. d3 b5 6. Bb3 Be7 7. 0-0 0-0 8. c3 Bb7 9. Nbd2 d6 10. Re1 Na5 11. Bc2 c5 12. Nf1 Re8 13. Ng3 g6 14. h4 d5 15. Bg5 Bf8 16. exd5 h6 17. Bd2 Qxd5 18. c4 bxc4 19. Bxa5 cxd3 20. Qxd3 Qxd3 21. Bxd3 e4 22. Bc3 exd3 23. Bxf6 Bxf3 24. gxf3 c4 25. Rad1 Bg7 26. Ne4 Re6 27. Bxg7 Kxg7 28. Nc3 Rxe1+ 29. Rxe1 Rd8 30. Rd1 f5 31. Rd2 Rd4 32. Na4 1/2-1/2

[Event "Reykjavik op"]
[Site "Reykjavik"]
[Date "2014.03.11"]
[Round "9"]
[White "Carvalho Beserra, Juan Pablo"]
[Black "Heimisson, Hilmir Freyr"]
[Result "1/2-1/2"]
[WhiteElo "2005"]
[BlackElo "1761"]
[PlyCount "24"]
[EventDate "2014.03.04"]
[EventType "swiss"]
[EventRounds "10"]
[EventCountry "ISL"]
[SourceTitle "CBM 159 Extra"]
[Source "ChessBase"]
[SourceDate "2014.04.24"]
[SourceVersion "1"]
[SourceVersionDate "2014.04.24"]
[SourceQuality "1"]

1. e4 e6 2. d4 d5 3. e5 c5 4. c3 Nc6 5. Ne2 Nge7 6. f4 cxd4 7. cxd4 Qb6 8. Nbc3 Nf5 9. Na4 Qa5+ 10. Nac3 Qb6 11. Na4 Qa5+ 12. Nac3 Qb6 1/2-1/2

[Event "Reykjavik op"]
[Site "Reykjavik"]
[Date "2014.03.08"]
[Round "6"]
[White "De Winter, Eric"]
[Black "Carvalho Beserra, Juan Pablo"]
[Result "0-1"]
[WhiteElo "1804"]
[BlackElo "2005"]
[PlyCount "44"]
[EventDate "2014.03.04"]
[EventType "swiss"]
[EventRounds "10"]
[EventCountry "ISL"]
[SourceTitle "CBM 159 Extra"]
[Source "ChessBase"]
[SourceDate "2014.04.24"]
[SourceVersion "1"]
[SourceVersionDate "2014.04.24"]
[SourceQuality "1"]

1. e4 e5 2. Nc3 Nf6 3. f4 d5 4. exd5 exf4 5. d4 Nxd5 6. Nxd5 Qxd5 7. Bxf4 Nc6 8. Nf3 Bg4 9. Be2 0-0-0 10. c3 Qe4 11. Qd2 Re8 12. Kd1 Nb4 13. h3 Nd5 14. hxg4 Nxf4 15. Ne5 Qxe2+ 16. Qxe2 Nxe2 17. Nxf7 Ng3 18. Rh3 Ne4 19. Kc2 Rg8 20. Rxh7 Nf6 21. Rh4 Re2+ 22. Kb3 g5 0-1

[Event "Reykjavik op"]
[Site "Reykjavik"]
[Date "2014.03.06"]
[Round "4"]
[White "Stigar, Petter"]
[Black "Carvalho Beserra, Juan Pablo"]
[Result "1-0"]
[WhiteElo "2237"]
[BlackElo "2005"]
[PlyCount "73"]
[EventDate "2014.03.04"]
[EventType "swiss"]
[EventRounds "10"]
[EventCountry "ISL"]
[SourceTitle "CBM 159 Extra"]
[Source "ChessBase"]
[SourceDate "2014.04.24"]
[SourceVersion "1"]
[SourceVersionDate "2014.04.24"]
[SourceQuality "1"]

1. Nf3 Nf6 2. c4 c5 3. g3 Nc6 4. Bg2 g6 5. 0-0 Bg7 6. d4 cxd4 7. Nxd4 0-0 8. Nc3 Qb6 9. Nb3 d6 10. Bg5 Be6 11. Nd5 Bxd5 12. cxd5 Ne5 13. Be3 Qa6 14. Bd4 Nh5 15. Bxe5 Bxe5 16. Qd2 Qb6 17. Rac1 Rac8 18. Rc2 Rxc2 19. Qxc2 f5 20. Bf3 Ng7 21. Rc1 g5 22. Qc7 Qa6 23. Qa5 g4 24. Qxa6 bxa6 25. Bg2 f4 26. Be4 Bxb2 27. Rc7 fxg3 28. hxg3 Nf5 29. Rxa7 Nd4 30. Rxe7 Nxe2+ 31. Kg2 Nc3 32. Bxh7+ Kh8 33. Bd3 Nxd5 34. Rh7+ Kg8 35. Rd7 Nc3 36. Rxd6 Nd1 37. Bc4+ 1-0

[Event "Reykjavik op"]
[Site "Reykjavik"]
[Date "2014.03.04"]
[Round "1"]
[White "Carvalho Beserra, Juan Pablo"]
[Black "Kristjansson, Stefan"]
[Result "0-1"]
[WhiteElo "2005"]
[BlackElo "2503"]
[PlyCount "64"]
[EventDate "2014.03.04"]
[EventType "swiss"]
[EventRounds "10"]
[EventCountry "ISL"]
[SourceTitle "CBM 159 Extra"]
[Source "ChessBase"]
[SourceDate "2014.04.24"]
[SourceVersion "1"]
[SourceVersionDate "2014.04.24"]
[SourceQuality "1"]

1. e4 c5 2. Nf3 e6 3. d4 cxd4 4. Nxd4 Nc6 5. Nc3 Qc7 6. Be3 a6 7. a3 Nf6 8. f3 b5 9. Qd2 Ne5 10. 0-0-0 b4 11. axb4 Bxb4 12. Bf4 0-0 13. g4 d6 14. Bg5 Nfd7 15. f4 Nc4 16. Bxc4 Qxc4 17. Nde2 Re8 18. Qd3 Qc7 19. Rhf1 Rb8 20. Rf3 Qb6 21. Nd4 Nc5 22. Qe3 Bxc3 23. bxc3 Qb2+ 24. Kd2 Bb7 25. Ke1 Bxe4 26. Rf2 Ba8 27. Nc6 Bxc6 28. Rxd6 Bd5 29. Qxc5 Qc1+ 30. Ke2 Qxc2+ 31. Ke3 Qe4+ 32. Kd2 Rb2+ 0-1

[Event "Batatais op 3rd"]
[Site "Batatais"]
[Date "2013.12.22"]
[Round "6"]
[White "Carvalho Beserra, Juan Pablo"]
[Black "De Sousa Silva, Lucas Jose"]
[Result "1-0"]
[WhiteElo "2037"]
[BlackElo "1803"]
[PlyCount "51"]
[EventDate "2013.12.20"]
[EventType "swiss"]
[EventRounds "6"]
[EventCountry "BRA"]
[SourceTitle "CBM 158 Extra"]
[Source "ChessBase"]
[SourceDate "2014.02.28"]
[SourceVersion "1"]
[SourceVersionDate "2014.02.28"]
[SourceQuality "1"]

1. e4 d5 2. exd5 Nf6 3. d4 Nxd5 4. c4 Nb6 5. Nf3 Bg4 6. Be2 e6 7. 0-0 Nc6 8. Nc3 Bxf3 9. Bxf3 Nxc4 10. Bxc6+ bxc6 11. Qa4 Nb6 12. Qxc6+ Qd7 13. Qxd7+ Nxd7 14. Be3 Bd6 15. Rac1 a6 16. Ne4 0-0 17. Rc6 Nb8 18. Rc2 f5 19. Nxd6 cxd6 20. Bf4 Rd8 21. Rc7 d5 22. Re1 Re8 23. Rec1 a5 24. Be5 Na6 25. Rxg7+ Kf8 26. Rxh7 1-0

[Event "Rio de Janeiro ch CXG"]
[Site "Rio de Janeiro"]
[Date "2011.11.05"]
[Round "2.2"]
[White "Mascarenhas, Alberto Pinheiro"]
[Black "Carvalho Beserra, Juan Pablo"]
[Result "1-0"]
[WhiteElo "2260"]
[BlackElo "2062"]
[PlyCount "141"]
[EventDate "2011.10.29"]
[EventType "swiss"]
[EventRounds "7"]
[EventCountry "BRA"]
[SourceTitle "EXT 2022"]
[Source "ChessBase"]
[SourceDate "2021.10.06"]
[SourceVersion "1"]
[SourceVersionDate "2021.10.06"]
[SourceQuality "1"]

1. c4 c6 2. e4 e5 3. Nf3 d6 4. d4 exd4 5. Nxd4 Nf6 6. Nc3 Be7 7. Be2 0-0 8. 0-0 Na6 9. f4 Qc7 10. Bf3 Re8 11. Rb1 Nc5 12. b4 Ne6 13. Nc2 a5 14. a3 Bd7 15. f5 Nf8 16. Bf4 Bc8 17. c5 Rd8 18. Qd4 Qd7 19. Qe3 dxc5 20. Rfd1 Qe8 21. bxc5 N8d7 22. Na4 Qf8 23. e5 Ne8 24. Rd6 Nc7 25. Rbd1 Nb5 26. e6 fxe6 27. fxe6 Nf6 28. Rxd8 Bxd8 29. Bd6 Be7 30. Nb6 Nxd6 31. cxd6 Bxd6 32. Nxa8 Bc5 33. Nd4 Qd6 34. Kh1 Bxd4 35. Rxd4 Qxe6 36. Qxe6+ Bxe6 37. Nb6 Kf8 38. Rd8+ Ke7 39. Rb8 Kd6 40. Rxb7 g6 41. Kg1 Kc5 42. Na4+ Kd6 43. Ra7 h6 44. Rxa5 Nd7 45. Ra6 Ne5 46. Be4 Bc4 47. Ra5 Bb5 48. Nc3 Kc5 49. Nxb5 cxb5 50. Ra6 Nc4 51. Bxg6 Kd4 52. Be8 Nxa3 53. Rxa3 b4 54. Rb3 Kc4 55. Bf7+ Kc5 56. g4 Kd6 57. Rf3 Ke7 58. Bb3 Ke8 59. h4 Kd7 60. g5 hxg5 61. hxg5 Kd6 62. g6 Ke5 63. g7 Ke4 64. Rf2 Kd4 65. g8Q Kc5 66. Rf5+ Kd6 67. Qe6+ Kc7 68. Rf7+ Kd8 69. Bd5 b3 70. Bb7 b2 71. Ba6 1-0

[Event "Rio de Janeiro Rovedo op"]
[Site "Rio de Janeiro"]
[Date "2008.06.28"]
[Round "3"]
[White "Carvalho Beserra, Juan Pablo"]
[Black "Mascarenhas, Alberto Pinheiro"]
[Result "0-1"]
[WhiteElo "1964"]
[BlackElo "2225"]
[PlyCount "74"]
[EventDate "2008.06.14"]
[EventType "swiss"]
[EventRounds "7"]
[EventCountry "BRA"]
[SourceTitle "EXT 2009"]
[Source "ChessBase"]
[SourceDate "2008.11.26"]
[SourceVersion "1"]
[SourceVersionDate "2008.11.26"]
[SourceQuality "1"]

1. d4 Nf6 2. Nf3 c5 3. e3 e6 4. Bd3 d5 5. b3 Nc6 6. 0-0 Bd6 7. Bb2 0-0 8. Nbd2 Nb4 9. Be2 b6 10. a3 Nc6 11. Ne5 Bb7 12. f4 Ne4 13. Nxe4 dxe4 14. Qe1 Qe7 15. Kh1 Rad8 16. Qg3 f6 17. dxc5 Bxc5 18. Nxc6 Bxc6 19. b4 Bd6 20. c4 Bb8 21. Qe1 Ba4 22. Rc1 e5 23. f5 Qd7 24. Bc3 Bd6 25. Qd2 Kh8 26. Qb2 Qe7 27. Qb1 Bc6 28. Qb3 g6 29. fxg6 hxg6 30. a4 Kg7 31. a5 Rh8 32. axb6 axb6 33. b5 Bb7 34. Ra1 Bc5 35. Ra7 Rd7 36. Rfa1 f5 37. Qb2 Rxh2+ 0-1